01757nam a2200325 a 450000100100000000500170001000800410002702000150006804000250008308200210010810000370012924500970016626000390026330000270030250000700032950400500039965100620044965000550051165000350056665000540060165000570065570000470071204900090075995201340076895201340090295201340103695201250117095201190129599900170141400001512420260527074041.0100201s2002 dr ac 001 0 spa d a9993402826 aDO-SdBNPbspacBNPHU a324.97293bM375p1 aMarte Piantini, José E.93422410aPolítica y mucho más /cJosé E. Marte Piantini ; prólogo Franklin García Fermín. aSanto Domingo :bCopygrafx,c2002. a221 p. :bil. ; retrs. aIncluye datos biográficos del autor en la solapa de la cubierta aIncluye referencias bibliográficas [p. 221] 4aParticipación PolíticazRepública Dominicana934225 4aEleccioneszRepública DominicanaxHistoria92522 0aMujeres en la política92451 0aPartidos políticoszRepública Dominicana9285 4aLíderes políticoszRepública Dominicana9342261 aGarcía Fermín, Franklinepról.96422 aBNPD 001054708DSaGRbGRcCTd2010-02-01iLF1l0o324.97293 M375pp15124-30r2020-06-25te. 5w2020-06-25yLFDSZPréstamo en sala 001054708DSaGRbGRcCTd2010-02-01iLF1l0o324.97293 M375pp15124-40r2020-06-25te. 3w2020-06-25yLFDSZPréstamo en sala 001054708DSaGRbGRcCTd2010-02-01iLF1l0o324.97293 M375pp15124-50r2020-06-25te. 4w2020-06-25yLFDSZPréstamo en sala 0010718PDaPDbPDcCTd2010-02-01iLF1l0o324.97293 M375pp15124-10r2020-06-25te. 2w2020-06-25yLFPDZNo se presta 0010718PDaPDbPDcCTd2010-02-01iLF1l0o324.97293 M375pp15124-20r2020-06-25w2020-06-25yLFPDZNo se presta c14696d14696